[Event "Niedersachsen-ch U18"]
[Site "Norderney"]
[Date "2014.04.16"]
[Round "7"]
[White "Schlichter, Lisa"]
[Black "Drehwald, Manuel Sebastian"]
[Result "1-0"]
[WhiteElo "1646"]
[BlackElo "1786"]
[PlyCount "165"]
[EventDate "2014.04.??"]
[EventType "swiss"]
[EventRounds "9"]
[EventCountry "GER"]
[SourceTitle "EXT 2017"]
[Source "ChessBase"]
[SourceDate "2016.10.25"]
[SourceVersion "1"]
[SourceVersionDate "2016.10.25"]
[SourceQuality "1"]

1. e4 c5 2. Nc3 Nc6 3. f4 d6 4. Nf3 g6 5. Bc4 e6 6. 0-0 Bg7 7. d3 Nge7 8. Qe1 0-0 9. Qh4 Na5 10. Bb3 a6 11. Ne2 b5 12. c3 Nxb3 13. axb3 Bb7 14. Be3 Qc7 15. Qe1 Rfe8 16. Nh4 f5 17. Ng3 a5 18. Qe2 Rec8 19. Bd2 b4 20. Rab1 Qb6 21. Kh1 Rc7 22. Nf3 Bc8 23. Qe3 Qc6 24. Rfe1 Qd7 25. Ng5 Rca7 26. Ra1 h6 27. Nf3 Nc6 28. Kg1 Qf7 29. Ra4 Bd7 30. Raa1 a4 31. bxa4 Rxa4 32. Rxa4 Rxa4 33. Rb1 Qe8 34. Qe1 Qa8 35. Ne2 Qa7 36. Kh1 Qa6 37. exf5 exf5 38. d4 Qb7 39. dxc5 dxc5 40. b3 Ra8 41. c4 Na5 42. Nc1 Re8 43. Qf2 Qc7 44. Nd3 Nb7 45. Be3 Rc8 46. Nfe5 Bf8 47. Rd1 Rd8 48. Rd2 Be8 49. Ra2 Qb6 50. Qe1 Kg7 51. Qe2 Bc6 52. Nxc6 Qxc6 53. Bf2 Re8 54. Qb2+ Kh7 55. Ra7 Bd6 56. Ne5 Qe4 57. Qd2 Bxe5 58. fxe5 Rxe5 59. Qd1 Qc6 60. Kg1 Re7 61. Qd2 Rd7 62. Qc2 Kg7 63. Kf1 Qd6 64. Ra1 Qxh2 65. Qb2+ Kh7 66. Rc1 Qh1+ 67. Bg1 Qh4 68. Bf2 Qf4 69. g3 Qf3 70. Kg1 Qd3 71. Kg2 Qe4+ 72. Kg1 f4 73. Re1 Qf5 74. Re8 Rg7 75. gxf4 Qxf4 76. Be3 Qg4+ 77. Kf1 Nd6 78. Re5 Rf7+ 79. Ke1 Qg3+ 80. Kd1 Qg4+ 81. Kc2 Qg2+ 82. Kb1 Ne4 83. Qxg2 1-0

[Event "Niedersachsen-ch U18"]
[Site "Norderney"]
[Date "2014.04.13"]
[Round "4"]
[White "Drehwald, Manuel Sebastian"]
[Black "Schiermeyer, Lukas"]
[Result "1-0"]
[WhiteElo "1786"]
[BlackElo "1716"]
[PlyCount "133"]
[EventDate "2014.04.??"]
[EventType "swiss"]
[EventRounds "9"]
[EventCountry "GER"]
[SourceTitle "EXT 2017"]
[Source "ChessBase"]
[SourceDate "2016.10.25"]
[SourceVersion "1"]
[SourceVersionDate "2016.10.25"]
[SourceQuality "1"]

1. e4 c5 2. g3 Nc6 3. Nc3 g6 4. Bg2 Bg7 5. d3 e5 6. Nge2 Nge7 7. Be3 d6 8. Qd2 Nd4 9. f3 Bh3 10. Nxd4 Bxg2 11. Ne6 fxe6 12. Qxg2 Qb6 13. Qd2 0-0 14. 0-0 Nc6 15. Kg2 Rf7 16. b3 Raf8 17. Rf2 Qd8 18. Raf1 a6 19. a4 Nd4 20. Nb1 b5 21. axb5 axb5 22. b4 c4 23. dxc4 bxc4 24. c3 Nb3 25. Qc2 d5 26. Nd2 d4 27. Nxc4 dxe3 28. Nxe3 Nd4 29. cxd4 exd4 30. Nd1 Qb6 31. Qb3 Rb8 32. Rb2 Bf8 33. Nf2 Qxb4 34. Rfb1 Qxb3 35. Rxb3 Rxb3 36. Rxb3 Rc7 37. f4 Kf7 38. e5 g5 39. Rd3 gxf4 40. gxf4 Rc2 41. Kf3 Kg6 42. h3 Kf5 43. Ne4 Rh2 44. Nf2 Bc5 45. Kg3 Rxf2 46. Kxf2 Kxf4 47. Ke2 Kxe5 48. Rg3 h6 49. Rg7 Kf6 50. Rh7 Bf8 51. Rd7 e5 52. Kf3 Ke6 53. Rd8 Be7 54. Rh8 Bg5 55. h4 Bxh4 56. Rxh6+ Bf6 57. Ke4 Kf7 58. Kf5 Bg7 59. Ra6 Kg8 60. Kg6 e4 61. Ra8+ Bf8 62. Rd8 d3 63. Rd4 d2 64. Rxd2 Bc5 65. Rd8+ Bf8 66. Re8 e3 67. Rxe3 1-0

[Event "Niedersachsen-ch U16"]
[Site "Rotenburg"]
[Date "2013.03.24"]
[Round "3"]
[White "Drehwald, Manuel Sebastian"]
[Black "Eschholz, Dario"]
[Result "0-1"]
[WhiteElo "1786"]
[BlackElo "1579"]
[PlyCount "62"]
[EventDate "2013.03.23"]
[EventType "swiss"]
[EventRounds "9"]
[EventCountry "GER"]
[SourceTitle "EXT 2015"]
[Source "ChessBase"]
[SourceDate "2014.11.20"]
[SourceVersion "1"]
[SourceVersionDate "2014.11.20"]
[SourceQuality "1"]

1. d4 Nf6 2. c4 Nc6 3. Nc3 e6 4. Bg5 Bb4 5. Nf3 h6 6. Bxf6 Qxf6 7. g3 Na5 8. e3 b6 9. Bg2 Bb7 10. 0-0 Bxc3 11. bxc3 Nxc4 12. Qe2 Nd6 13. Rac1 0-0 14. c4 Rab8 15. Rfd1 Qe7 16. c5 Ne4 17. Ne5 bxc5 18. Nxd7 Qxd7 19. dxc5 Qe8 20. c6 Bxc6 21. Qd3 f5 22. g4 Bb5 23. Qd4 Be2 24. Re1 Bxg4 25. f3 Bxf3 26. Bxf3 Qg6+ 27. Kf1 Rfd8 28. Qxa7 Nd2+ 29. Kf2 Nxf3 30. Re2 Ne5 31. Rg1 Nd3+ 0-1

[Event "GER-chT U16"]
[Site "Naumburg"]
[Date "2012.12.30"]
[Round "7"]
[White "Drehwald, Manuel Sebastian"]
[Black "Waschischeck, Tom"]
[Result "1-0"]
[WhiteElo "1662"]
[BlackElo "1645"]
[PlyCount "63"]
[EventDate "2012.12.27"]
[EventType "team-swiss"]
[EventRounds "7"]
[EventCountry "GER"]
[SourceTitle "EXT 2014"]
[Source "ChessBase"]
[SourceDate "2013.11.20"]
[SourceVersion "1"]
[SourceVersionDate "2013.11.20"]
[SourceQuality "1"]
[WhiteTeam "Gottingen Rochade"]
[BlackTeam "Leipzig Schachgemeinschaft"]
[WhiteTeamCountry "GER"]
[BlackTeamCountry "GER"]

1. c4 e5 2. Nc3 c6 3. g3 g6 4. Bg2 Bg7 5. d3 d6 6. Nf3 f5 7. 0-0 Nf6 8. e3 0-0 9. Qc2 Na6 10. a3 Nc7 11. Rb1 Ne6 12. b3 Bd7 13. Bb2 Qe7 14. Nd2 g5 15. Rbe1 Qf7 16. Ne2 Qh5 17. h3 g4 18. h4 f4 19. exf4 exf4 20. f3 fxg3 21. Nxg3 Qc5+ 22. Kh1 Nf4 23. Re7 Rf7 24. Nde4 Nxe4 25. Nxe4 Qh5 26. Rxf7 Qxh4+ 27. Kg1 Kxf7 28. fxg4 Qxg4 29. Bxg7 Kxg7 30. Qb2+ Kg6 31. Qf6+ Kh5 32. Rxf4 1-0

[Event "GER-chT U16"]
[Site "Naumburg"]
[Date "2012.12.28"]
[Round "4"]
[White "Reksten, Daniel"]
[Black "Drehwald, Manuel Sebastian"]
[Result "1/2-1/2"]
[WhiteElo "1893"]
[BlackElo "1662"]
[PlyCount "102"]
[EventDate "2012.12.27"]
[EventType "team-swiss"]
[EventRounds "7"]
[EventCountry "GER"]
[SourceTitle "EXT 2014"]
[Source "ChessBase"]
[SourceDate "2013.11.20"]
[SourceVersion "1"]
[SourceVersionDate "2013.11.20"]
[SourceQuality "1"]
[WhiteTeam "Solingen"]
[BlackTeam "Gottingen Rochade"]
[WhiteTeamCountry "GER"]
[BlackTeamCountry "GER"]

1. d4 d5 2. c4 c6 3. e3 Bf5 4. Nc3 Nf6 5. Qb3 Qb6 6. c5 Qxb3 7. axb3 Nbd7 8. b4 e6 9. b5 Be7 10. bxc6 bxc6 11. b4 0-0 12. b5 Rfc8 13. Nf3 Ne4 14. Nxe4 Bxe4 15. Bd2 Bd8 16. bxc6 Rxc6 17. Bb5 Rc7 18. Ke2 Nb8 19. Bd3 Bxd3+ 20. Kxd3 Nc6 21. Rhb1 Rcc8 22. Rb7 Rc7 23. Rxc7 Bxc7 24. Ra6 Nb8 25. Ra3 Nc6 26. Kc2 f6 27. Rb3 Rb8 28. Rxb8+ Bxb8 29. Kb3 a6 30. g3 Kf7 31. Ne1 Ke7 32. Nc2 Bc7 33. Ka4 Kd7 34. Bc3 f5 35. Nb4 Nb8 36. Nd3 Nc6 37. f4 g6 38. Nc1 Kc8 39. Nb3 Bd8 40. h3 h5 41. h4 Bf6 42. Ba5 Bg7 43. Nd2 Bh8 44. Nf3 Bf6 45. Ne1 Be7 46. Nd3 Bf6 47. Nb4 Nxb4 48. Bxb4 Kb7 49. Ka5 Bd8+ 50. Ka4 Bf6 51. Bc3 Be7 1/2-1/2

[Event "GER-chT U16"]
[Site "Naumburg"]
[Date "2012.12.27"]
[Round "2"]
[White "Von Bargen, Lukas"]
[Black "Drehwald, Manuel Sebastian"]
[Result "1-0"]
[WhiteElo "1661"]
[BlackElo "1662"]
[PlyCount "73"]
[EventDate "2012.12.27"]
[EventType "team-swiss"]
[EventRounds "7"]
[EventCountry "GER"]
[SourceTitle "EXT 2014"]
[Source "ChessBase"]
[SourceDate "2013.11.20"]
[SourceVersion "1"]
[SourceVersionDate "2013.11.20"]
[SourceQuality "1"]
[WhiteTeam "Iserlohn Koenigsspringer"]
[BlackTeam "Gottingen Rochade"]
[WhiteTeamCountry "GER"]
[BlackTeamCountry "GER"]

1. d4 e5 2. dxe5 Nc6 3. Bf4 f6 4. e6 dxe6 5. Qxd8+ Kxd8 6. Nc3 e5 7. 0-0-0+ Bd6 8. Be3 Bf5 9. g3 Nge7 10. Bg2 Kd7 11. Bc5 Rhd8 12. Bxd6 cxd6 13. e4 Bg4 14. f3 Be6 15. Nb5 Nc8 16. Ne2 a6 17. Nbc3 b5 18. Nd5 Bxd5 19. exd5 N6e7 20. f4 Ra7 21. Kb1 Nb6 22. Nc3 Rc8 23. Bh3+ f5 24. fxe5 Rc5 25. exd6 Kxd6 26. Rhe1 Nbxd5 27. Bg2 Rd7 28. Nxd5 Rxd5 29. Bxd5 Nxd5 30. c3 Kc5 31. Kc1 a5 32. Re8 g6 33. Rc8+ Kb6 34. Rd4 a4 35. b3 axb3 36. axb3 Ka7 37. Rc5 1-0

[Event "GER-chT North U16"]
[Site "Berlin"]
[Date "2012.09.09"]
[Round "7.3"]
[White "Vonhoff, Nils"]
[Black "Drehwald, Manuel Sebastian"]
[Result "1-0"]
[WhiteElo "1715"]
[BlackElo "1606"]
[PlyCount "131"]
[EventDate "2012.09.06"]
[EventType "team-swiss"]
[EventRounds "7"]
[EventCountry "GER"]
[SourceTitle "EXT 2015"]
[Source "ChessBase"]
[SourceDate "2014.11.20"]
[SourceVersion "1"]
[SourceVersionDate "2014.11.20"]
[SourceQuality "1"]
[WhiteTeam "Lingen"]
[BlackTeam "Gottingen"]
[WhiteTeamCountry "GER"]
[BlackTeamCountry "GER"]

1. e4 e6 2. d4 d5 3. Nd2 dxe4 4. Nxe4 Bd7 5. c3 Bc6 6. Ng3 Nf6 7. Nf3 Be7 8. Be2 0-0 9. Bf4 Nbd7 10. 0-0 Rc8 11. Qc2 Qe8 12. a4 a5 13. Nd2 Nd5 14. Be3 Bd6 15. Nge4 Be7 16. Nc4 b6 17. Bd2 Bb7 18. Bd3 N7f6 19. Bg5 h6 20. Bc1 Qd8 21. Nxf6+ Nxf6 22. Ne5 Qd5 23. f3 c5 24. Qf2 cxd4 25. cxd4 Bb4 26. Rd1 Rfd8 27. Be3 Rc7 28. Qh4 Ne8 29. Be4 Qd6 30. Bxb7 Rxb7 31. Nc4 Qd5 32. Rac1 Be7 33. Qg3 Bg5 34. f4 Bf6 35. Qf2 Rbb8 36. g4 b5 37. Nxa5 Ra8 38. Nc6 Rdc8 39. Rc5 Qb3 40. Rdc1 Bh4 41. Qe2 Kf8 42. axb5 Ra2 43. R5c2 Rca8 44. d5 Qxd5 45. Bc5+ Kg8 46. Be7 Nf6 47. g5 Bxg5 48. fxg5 Qxg5+ 49. Qg2 Qe3+ 50. Qf2 Qg5+ 51. Qg3 Qf5 52. Ba3 Qxb5 53. Rc5 Qe2 54. R5c2 Qe4 55. Rg2 Nh5 56. Qc3 R8xa3 57. Ne7+ Kh7 58. Qc2 Rd3 59. Rf1 Qd4+ 60. Kh1 f5 61. Qc8 Nf6 62. Qf8 Qg4 63. Rxg4 fxg4 64. Rxf6 Rd1+ 65. Rf1 Rxf1+ 66. Qxf1 1-0

[Event "GER-chT North U16"]
[Site "Berlin"]
[Date "2012.09.08"]
[Round "5.3"]
[White "Drehwald, Manuel Sebastian"]
[Black "Linowitzki, Jakob"]
[Result "1/2-1/2"]
[WhiteElo "1606"]
[BlackElo "1636"]
[PlyCount "58"]
[EventDate "2012.09.06"]
[EventType "team-swiss"]
[EventRounds "7"]
[EventCountry "GER"]
[SourceTitle "EXT 2015"]
[Source "ChessBase"]
[SourceDate "2014.11.20"]
[SourceVersion "1"]
[SourceVersionDate "2014.11.20"]
[SourceQuality "1"]
[WhiteTeam "Gottingen"]
[BlackTeam "Luebeck"]
[WhiteTeamCountry "GER"]
[BlackTeamCountry "GER"]

1. e4 c6 2. f4 d5 3. d3 e5 4. Nf3 dxe4 5. dxe4 Qxd1+ 6. Kxd1 exf4 7. Bxf4 Bg4 8. Bc4 Nf6 9. h4 Bh5 10. Re1 Nbd7 11. c3 Nb6 12. Bd3 Na4 13. Kc2 Nc5 14. Bc4 b5 15. Bf1 Bg6 16. Nbd2 0-0-0 17. Ne5 Kb7 18. Nxg6 hxg6 19. Rad1 Ne6 20. Be3 Bc5 21. Bxc5 Nxc5 22. b4 Ne6 23. Nf3 Nd7 24. a3 f6 25. Rd2 Ne5 26. Rxd8 Rxd8 27. Nxe5 fxe5 28. Be2 Nf4 29. Bf3 g5 1/2-1/2